000 00366 a2200169 4500
001 73381
020 _a9788574724621
040 _cAnchieta - Colégio São Paulo
100 _aBarbosa, Elaine Senise
240 1 0 _aHistória
_lpor
245 1 0 _aHistória
300 _a176
362 0 _a2005
440 1 _aPositivo
650 4 _aHistória do mundo
942 _cBK
999 _c73381
_d73381